The Akbarnama of Abu-l-Fazl/ (Record no. 215992)
[ view plain ]
| 000 -LEADER | |
|---|---|
| fixed length control field | 00665nam a2200229 4500 |
| 005 - DATE AND TIME OF LATEST TRANSACTION | |
| control field | 20260428112420.0 |
| 010 ## - LCCN (DPL NO) | |
| LC control number | ENG-148359-361 |
| 020 ## - INTERNATIONAL STANDARD BOOK NUMBER | |
| International Standard Book Number | 9788198479259 |
| Terms of availability | 5650.00(Set of 3 Vols) |
| 035 ## - SYSTEM CONTROL NUMBER | |
| System control number | EN-131891-893 |
| 037 ## - SOURCE OF ACQUISITION | |
| Source of stock number/acquisition | DBAD |
| 082 ## - DEWEY DECIMAL CLASSIFICATION NUMBER | |
| Classification number | 954.022 |
| Edition number | 1 |
| 100 ## - MAIN ENTRY--PERSONAL NAME | |
| Personal name | Abu-l Fazi |
| 245 ## - TITLE STATEMENT | |
| Title | The Akbarnama of Abu-l-Fazl/ |
| Statement of responsibility, etc | Abū al-Faz̤l |
| 250 ## - EDITION STATEMENT | |
| Edition statement | 3(Reprint) |
| 260 ## - PUBLICATION, DISTRIBUTION, ETC. (IMPRINT) | |
| Place of publication, distribution, etc | Delhi |
| Name of publisher, distributor, etc | The Asiatic Society |
| Date of publication, distribution, etc | 2026 |
| 270 ## - ADDRESS | |
| Address | Part Street |
| City | Kolkata |
| Postal code | 700016 |
| 300 ## - PHYSICAL DESCRIPTION | |
| Extent | vpp ; |
| Dimensions | 22cm(Hb) |
| 490 ## - SERIES STATEMENT | |
| Volume number/sequential designation | 1,2,3 |
| 500 ## - GENERAL NOTE | |
| General note | Complete English Translation |
| 650 ## - SUBJECT ADDED ENTRY--TOPICAL TERM | |
| Topical term or geographic name as entry element | Mogul Empire. |
| 942 ## - ADDED ENTRY ELEMENTS (KOHA) | |
| Source of classification or shelving scheme | Dewey Decimal Classification |
| Item type | English Books |
| Classification part | 954.022 |
| Call number suffix | ABU |
| Withdrawn status | Lost status | Materials specified (bound volume or other part) | Not for loan | Collection code | Home library | Current library | Date acquired | Source of acquisition | Cost, normal purchase price | Full call number | Barcode | Copy number | Cost, replacement price | Koha item type |
|---|---|---|---|---|---|---|---|---|---|---|---|---|---|---|
| VOL-1 | Not For Loan | Reference | Sarojini Nagar | Sarojini Nagar | 28/04/2026 | Delivery of Books Act Division | 1884.00 | 954.022 ABU | EN-131891 | 1 | 1884.00 | English Books | ||
| VOL-2 | Not For Loan | Reference | Sarojini Nagar | Sarojini Nagar | 28/04/2026 | Delivery of Books Act Division | 1884.00 | 954.022 ABU | EN-131892 | 1 | 1884.00 | English Books | ||
| VOL-3 | Not For Loan | Reference | Sarojini Nagar | Sarojini Nagar | 28/04/2026 | Delivery of Books Act Division | 1884.00 | 954.022 ABU | EN-131893 | 1 | 1884.00 | English Books |
